| 000 | 00628nam a22001937a 4500 | ||
|---|---|---|---|
| 003 | 0 | ||
| 005 | 20250426150636.0 | ||
| 008 | 250426b xxu||||| |||| 00| 0 eng d | ||
| 020 | _a978-621-406-309-3 | ||
| 050 |
_aHF 5415.13 _b.N38 2021 |
||
| 100 | _aNaval, Girly H. | ||
| 245 |
_aStrategic marketing management _bsimplified moves for rookies _cGirly H. Naval |
||
| 260 |
_aIntramuros, Manila _bMindshapers Co. Inc. _c2021 |
||
| 300 |
_axiv, 166 pages; _c23cm. |
||
| 504 | _aIncludes bibliographical references. | ||
| 650 | _aMarketing—Management. | ||
| 650 | _aStrategic planning -- Marketing strategy. | ||
| 942 |
_2lcc _cBK |
||
| 999 |
_c367420 _d367420 |
||